| 000 | 00596nas a2200217 i 4500 | ||
|---|---|---|---|
| 001 | 1597 | ||
| 003 | ES-MaACL | ||
| 005 | 20250812062554.0 | ||
| 008 | 950801d18951900gw | pe | ||er d | ||
| 080 | _a7 | ||
| 080 | _a82 | ||
| 245 | 0 | 0 | _aPan. |
| 260 |
_aBerlin : _bPan, _c1895-1900 ( _eLeipzig : _fW. Drugulin) |
||
| 300 |
_a2 v. : _bil., grab. ; _c38 cm. |
||
| 362 | 1 | _a1. Jahrg., Heft 1 (Apr./Mai 1895)-5. Jahrg., Heft 4 (Apr. 1900) | |
| 650 | 1 | 7 |
_aArte _2embne _910068 |
| 650 | 7 |
_aLiteratura _2embne _9141583 |
|
| 852 |
_aES-MaACL _jB-6485-86 |
||
| 866 | 1 | _o1895-96. | |
| 999 |
_c1597 _d1597 |
||